Creating the Environmental Policy in the Hospitality Industry in Selected Countries

Na minha lista:
Detalhes bibliográficos
Autor principal: Bojová, Dominika
Formato: Capítulo de Livro
Idioma:inglês
Tags: Adicionar Tag
Sem tags, seja o primeiro a adicionar uma tag!

MARC

LEADER 00000naa$a2200000$$$4500
001 0128682
005 20240502083323.5
041 0 |a eng 
044 |a NZ 
245 1 0 |a Creating the Environmental Policy in the Hospitality Industry in Selected Countries  |c Dominika Bojová 
500 |a Abstrakt 
100 1 |a Bojová, Dominika